[Event "DEN-ch"]
[Site "Taastrup"]
[Date "1998.04.10"]
[Round "7"]
[White "Larsen, Bent"]
[Black "Hansen, Sune Berg"]
[Result "1/2-1/2"]
[WhiteElo "2515"]
[BlackElo "2480"]
[PlyCount "36"]
[EventDate "1998.04.04"]
[EventType "tourn"]
[EventRounds "9"]
[EventCountry "DEN"]
[EventCategory "9"]
[Source "ChessBase"]
[SourceDate "1998.08.06"]

1. Nf3 c5 2. c4 Nf6 3. Nc3 e6 4. g3 b6 5. Bg2 Bb7 6. O-O a6 7. Re1 Be7 8. e4 d6
9. d4 cxd4 10. Nxd4 Qc7 11. Be3 O-O 12. Rc1 Re8 13. b3 Bf8 14. Rc2 Nbd7 15. Bg5
h6 16. Bc1 Rac8 17. Bb2 Qb8 18. Rce2 Qa8 1/2-1/2

[Event "DEN-ch"]
[Site "Taastrup"]
[Date "1998.04.10"]
[Round "7"]
[White "Mortensen, Erling"]
[Black "Schandorff, Lars"]
[Result "1/2-1/2"]
[WhiteElo "2510"]
[BlackElo "2525"]
[PlyCount "95"]
[EventDate "1998.04.04"]
[EventType "tourn"]
[EventRounds "9"]
[EventCountry "DEN"]
[EventCategory "9"]
[Source "ChessBase"]
[SourceDate "1998.08.06"]

1. e4 c5 2. Nf3 Nc6 3. Bb5 e6 4. Bxc6 bxc6 5. b3 Ne7 6. Ba3 Ng6 7. d4 Qa5+ 8.
Kf1 d5 9. h4 dxe4 10. Ng5 Ba6+ 11. c4 cxd4 12. Bxf8 Rxf8 13. Qxd4 Rd8 14. Qc3
Rd1+ 15. Ke2 Qxc3 16. Nxc3 Rxa1 17. Rxa1 h6 18. Ngxe4 Nxh4 19. g3 Nf5 20. Rd1
Ke7 21. g4 Nh4 22. Nc5 Bc8 23. N3e4 e5 24. f3 Rd8 25. Rxd8 Kxd8 26. Nd6 f5 27.
Nf7+ Kc7 28. Nxe5 Kd6 29. Ncd3 Ng2 30. g5 hxg5 31. Nf7+ Ke7 32. Nxg5 Kf6 33.
Nh3 g5 34. Kf2 Nh4 35. f4 g4 36. Ng1 Ng6 37. Ne2 Ke7 38. Ke3 Kd6 39. Kd4 Nf8
40. Nc5 Ng6 41. b4 Nf8 42. a3 Ne6+ 43. Nxe6 Bxe6 44. Ng3 Bd7 45. Nf1 Bc8 46.
Ne3 Bd7 47. Nf1 Bc8 48. Ng3 1/2-1/2

[Event "DEN-ch"]
[Site "Taastrup"]
[Date "1998.04.06"]
[Round "3"]
[White "Mortensen, Erling"]
[Black "Sahl, Bjarke"]
[Result "1/2-1/2"]
[WhiteElo "2510"]
[BlackElo "2430"]
[PlyCount "119"]
[EventDate "1998.04.04"]
[EventType "tourn"]
[EventRounds "9"]
[EventCountry "DEN"]
[EventCategory "9"]
[Source "ChessBase"]
[SourceDate "1998.08.06"]

1. e4 c5 2. Nf3 d6 3. d4 cxd4 4. Nxd4 Nf6 5. Nc3 Nc6 6. Bc4 Qb6 7. Nb3 e6 8.
O-O Be7 9. Be3 Qc7 10. f4 a6 11. Bd3 b5 12. Qf3 Bb7 13. a4 b4 14. Ne2 g6 15. a5
Rc8 16. Qh3 h5 17. Bb6 Qd7 18. Rad1 e5 19. f5 g5 20. Qe3 Nb8 21. c3 Qa4 22. Nd2
Nbd7 23. Ra1 Qc6 24. cxb4 Nxb6 25. Rfc1 Nbd5 26. exd5 Qxd5 27. Rxc8+ Kd7 28.
Ne4 Rxc8 29. N2g3 Ng4 30. Qe2 Ke8 31. Rd1 Qd4+ 32. Kh1 Kf8 33. h3 Nf6 34. Nxf6
Bxf6 35. Ne4 Ke7 36. Nxf6 Kxf6 37. Qxh5 Qh4 38. Qxh4 gxh4 39. b5 axb5 40. Bxb5
d5 41. b4 Rc2 42. a6 Ba8 43. Bd3 Ra2 44. b5 e4 45. Bf1 Rb2 46. Rc1 e3 47. Rc8
Rb1 48. Kh2 Rxf1 49. Rxa8 Ra1 50. Rd8 Ra5 51. b6 e2 52. b7 e1=Q 53. b8=Q Qe5+
54. Qxe5+ Kxe5 55. Rd7 Rxa6 56. Rxf7 d4 57. Kg1 d3 58. Kf2 Ke4 59. Re7+ Kxf5
60. Ke3 1/2-1/2

[Event "DEN-ch"]
[Site "Taastrup"]
[Date "1998.04.08"]
[Round "5"]
[White "Mortensen, Erling"]
[Black "Hansen, Sune Berg"]
[Result "0-1"]
[WhiteElo "2510"]
[BlackElo "2480"]
[PlyCount "74"]
[EventDate "1998.04.04"]
[EventType "tourn"]
[EventRounds "9"]
[EventCountry "DEN"]
[EventCategory "9"]
[Source "ChessBase"]
[SourceDate "1998.08.06"]

1. e4 c5 2. Nf3 Nc6 3. Bb5 e6 4. Bxc6 bxc6 5. O-O Ne7 6. b3 Ng6 7. Bb2 Qc7 8.
d4 cxd4 9. Qxd4 f6 10. c4 c5 11. Qe3 Be7 12. e5 O-O 13. Nbd2 Bb7 14. Rfe1 f5
15. Rad1 Qc6 16. Re2 h6 17. Ne1 Bg5 18. Qg3 Nf4 19. Re3 Qc8 20. Ndf3 Nh5 21.
Qh3 Bxe3 22. Qxh5 Bd4 23. Nxd4 cxd4 24. Rxd4 f4 25. Qg6 Rf5 26. f3 Bc6 27. Qg4
Rxe5 28. Nd3 Rg5 29. Qxf4 Qb7 30. Ne5 Rf8 31. Qe3 Bxf3 32. Nxf3 Rxf3 33. Rxd7
Rxe3 34. Rxb7 Re2 35. Bd4 Rgxg2+ 36. Kf1 Rxa2 37. c5 Rgd2 0-1

[Event "DEN-ch"]
[Site "Taastrup"]
[Date "1998.04.12"]
[Round "9"]
[White "Mortensen, Erling"]
[Black "Borge, Nikolaj"]
[Result "0-1"]
[WhiteElo "2510"]
[BlackElo "2390"]
[PlyCount "114"]
[EventDate "1998.04.04"]
[EventType "tourn"]
[EventRounds "9"]
[EventCountry "DEN"]
[EventCategory "9"]
[Source "ChessBase"]
[SourceDate "1998.08.06"]

1. e4 c5 2. Nf3 d6 3. Bb5+ Nd7 4. c3 Ngf6 5. Qe2 a6 6. Ba4 Qc7 7. Bc2 c4 8. a4
Ne5 9. Nxe5 dxe5 10. Na3 Be6 11. d3 cxd3 12. Bxd3 Bb3 13. O-O Nd7 14. Nc4 Rc8
15. Nd2 Be6 16. a5 g6 17. c4 Bg7 18. b4 O-O 19. Ba3 Rfd8 20. Rfc1 Nb8 21. Nb3
Bh6 22. Rc2 Qd7 23. Rc3 Nc6 24. Nc5 Nd4 25. Nxd7 Nxe2+ 26. Bxe2 Rxd7 27. c5 Bd2
28. Rd3 Rcd8 29. Rxd7 Bxd7 30. Kf1 Bc6 31. Rd1 Ba4 32. Ra1 Rd4 33. f3 Bc6 34.
Rd1 Ba4 35. Ra1 Bc6 36. Rd1 Bc3 37. Rxd4 exd4 38. Bc4 e6 39. Ke2 Kf8 40. Kd3
Ke7 41. Kc2 Ba4+ 42. Kd3 Kd7 43. f4 Kc6 44. f5 Bb5 45. fxe6 fxe6 46. g4 e5 47.
h3 Be1 48. Ke2 Bxc4+ 49. Kxe1 Bd3 50. Bc1 Bxe4 51. Bh6 Bd3 52. Kf2 Kd5 53. Kf3
e4+ 54. Kf2 e3+ 55. Kf3 Be4+ 56. Kg3 Kc4 57. Bg7 d3 0-1

[Event "DEN-ch"]
[Site "Taastrup"]
[Date "1998.04.11"]
[Round "8"]
[White "Nielsen, Peter Heine"]
[Black "Hansen, Sune Berg"]
[Result "1/2-1/2"]
[WhiteElo "2505"]
[BlackElo "2480"]
[PlyCount "41"]
[EventDate "1998.04.04"]
[EventType "tourn"]
[EventRounds "9"]
[EventCountry "DEN"]
[EventCategory "9"]
[Source "ChessBase"]
[SourceDate "1998.08.06"]

1. c4 Nf6 2. Nc3 c5 3. Nf3 b6 4. e3 g6 5. d4 Bg7 6. d5 O-O 7. Bd3 e6 8. O-O d6
9. e4 exd5 10. exd5 Bg4 11. h3 Bxf3 12. Qxf3 Nbd7 13. Qd1 Ne8 14. Be3 a6 15.
Qd2 Rb8 16. a4 f5 17. g3 Nef6 18. f4 Ne8 19. Rae1 Ndf6 20. Qd1 h5 21. Rf2
1/2-1/2

[Event "DEN-ch"]
[Site "Taastrup"]
[Date "1998.04.05"]
[Round "2"]
[White "Nielsen, Peter Heine"]
[Black "Mortensen, Erling"]
[Result "1/2-1/2"]
[WhiteElo "2505"]
[BlackElo "2510"]
[PlyCount "67"]
[EventDate "1998.04.04"]
[EventType "tourn"]
[EventRounds "9"]
[EventCountry "DEN"]
[EventCategory "9"]
[Source "ChessBase"]
[SourceDate "1998.08.06"]

1. d4 Nf6 2. Nf3 g6 3. c4 Bg7 4. Nc3 O-O 5. e4 d6 6. Be2 e5 7. d5 a5 8. Bg5 h6
9. Be3 Ng4 10. Bc1 f5 11. exf5 gxf5 12. g3 Na6 13. Nh4 Nc5 14. O-O e4 15. Nxf5
Nxf2 16. Rxf2 Bxf5 17. Be3 Nd3 18. Bxd3 exd3 19. Qd2 h5 20. Raf1 Qd7 21. Bh6
Bg6 22. Rxf8+ Rxf8 23. Rxf8+ Bxf8 24. Bxf8 Kxf8 25. Qf4+ Kg8 26. Qf6 Kh7 27.
Kf2 Qe8 28. h3 Qd7 29. g4 hxg4 30. Qh4+ Kg7 31. Qxg4 Qe7 32. Qf4 c6 33. dxc6
bxc6 34. Qd4+ 1/2-1/2

[Event "DEN-ch"]
[Site "Taastrup"]
[Date "1998.04.09"]
[Round "6"]
[White "Nielsen, Peter Heine"]
[Black "Larsen, Bent"]
[Result "1/2-1/2"]
[WhiteElo "2505"]
[BlackElo "2515"]
[PlyCount "77"]
[EventDate "1998.04.04"]
[EventType "tourn"]
[EventRounds "9"]
[EventCountry "DEN"]
[EventCategory "9"]
[Source "ChessBase"]
[SourceDate "1998.08.06"]

1. d4 Nf6 2. Nf3 e6 3. c4 Bb4+ 4. Bd2 a5 5. g3 b6 6. Bg2 Bb7 7. O-O O-O 8. Bg5
Be7 9. Qc2 d6 10. Nc3 Nbd7 11. Rad1 Qe8 12. Rfe1 Kh8 13. e4 Ng8 14. Bc1 Qb8 15.
h4 e5 16. b3 Re8 17. Ng5 Bxg5 18. Bxg5 Nf8 19. dxe5 dxe5 20. c5 Ne6 21. cxb6
Nxg5 22. hxg5 cxb6 23. Nd5 Re6 24. Qc7 f6 25. Qf7 Rc6 26. Rd2 fxg5 27. Red1 Ba6
28. Ne3 Qf8 29. Qxf8 Rxf8 30. Rd6 Ne7 31. Nf5 Rxd6 32. Rxd6 Nxf5 33. exf5 Rb8
34. Bf1 Bxf1 35. Kxf1 Kg8 36. g4 a4 37. bxa4 Ra8 38. Rxb6 Rxa4 39. Rb8+ 1/2-1/2

[Event "DEN-ch"]
[Site "Taastrup"]
[Date "1998.04.07"]
[Round "4"]
[White "Nielsen, Peter Heine"]
[Black "Sahl, Bjarke"]
[Result "1/2-1/2"]
[WhiteElo "2505"]
[BlackElo "2430"]
[PlyCount "60"]
[EventDate "1998.04.04"]
[EventType "tourn"]
[EventRounds "9"]
[EventCountry "DEN"]
[EventCategory "9"]
[Source "ChessBase"]
[SourceDate "1998.08.06"]

1. d4 f5 2. g3 Nf6 3. Bg2 g6 4. Nf3 Bg7 5. O-O O-O 6. b4 d6 7. Bb2 c6 8. c4 Na6
9. Qb3 Nc7 10. a4 h6 11. Nc3 Be6 12. Rad1 Qe8 13. d5 Bd7 14. Nd4 e5 15. dxe6
Nxe6 16. Nxe6 Bxe6 17. b5 Qf7 18. bxc6 bxc6 19. Rxd6 Rab8 20. Qc2 Ne4 21. Bxe4
fxe4 22. Ba3 e3 23. Rxe6 exf2+ 24. Kg2 Qxe6 25. Bxf8 Rxf8 26. Nd1 Bd4 27. e3
Bg7 28. Nxf2 Qxe3 29. Ng4 Qe6 30. Rxf8+ Bxf8 1/2-1/2

[Event "DEN-ch"]
[Site "Taastrup"]
[Date "1998.04.08"]
[Round "5"]
[White "Sahl, Bjarke"]
[Black "Larsen, Bent"]
[Result "1-0"]
[WhiteElo "2430"]
[BlackElo "2515"]
[PlyCount "67"]
[EventDate "1998.04.04"]
[EventType "tourn"]
[EventRounds "9"]
[EventCountry "DEN"]
[EventCategory "9"]
[Source "ChessBase"]
[SourceDate "1998.08.06"]

1. e4 c6 2. d4 d5 3. e5 Bf5 4. Be3 e6 5. Nf3 Ne7 6. Nbd2 Nd7 7. Nh4 h6 8. Nxf5
Nxf5 9. Bd3 g6 10. c3 Qe7 11. O-O Bg7 12. Qe2 c5 13. a3 O-O-O 14. f4 Nxe3 15.
Qxe3 c4 16. Be2 h5 17. b3 cxb3 18. Rab1 Nb8 19. Rxb3 Rd7 20. Rfb1 Rc7 21. c4
Rd8 22. Bf3 Nc6 23. cxd5 exd5 24. Rb5 Qe6 25. h4 Bf8 26. g3 Rdd7 27. Kh2 Kb8
28. Bg2 f5 29. Qd3 Ka8 30. Nf1 Rd8 31. Ne3 Rcd7 32. Nxd5 Rxd5 33. Rxd5 Rxd5 34.
Qb3 1-0

[Event "DEN-ch"]
[Site "Taastrup"]
[Date "1998.04.10"]
[Round "7"]
[White "Sahl, Bjarke"]
[Black "Holst, Allan"]
[Result "1-0"]
[WhiteElo "2430"]
[BlackElo "2365"]
[PlyCount "93"]
[EventDate "1998.04.04"]
[EventType "tourn"]
[EventRounds "9"]
[EventCountry "DEN"]
[EventCategory "9"]
[Source "ChessBase"]
[SourceDate "1998.08.06"]

1. e4 e5 2. Nf3 Nc6 3. Bc4 Be7 4. O-O Nf6 5. d3 O-O 6. Re1 d6 7. c3 Na5 8. Bb5
a6 9. Ba4 b5 10. Bc2 c5 11. Nbd2 Re8 12. Nf1 h6 13. h3 Bf8 14. Ng3 g6 15. Nh2
Bg7 16. f4 exf4 17. Bxf4 Ra7 18. Qd2 Kh7 19. Qf2 Rae7 20. Rad1 Ng8 21. Nf3 Nc6
22. d4 cxd4 23. cxd4 Kh8 24. Kh1 Rb7 25. Bb1 a5 26. Rc1 Nge7 27. Red1 a4 28. d5
Na5 29. e5 dxe5 30. Bxe5 Ng8 31. Bxg7+ Kxg7 32. Ne4 Kh7 33. Nd4 Rd7 34. Nxb5
Re5 35. Nbc3 a3 36. bxa3 f5 37. Nc5 Rd6 38. Nd3 Re7 39. Nf4 Ba6 40. h4 h5 41.
Ne6 Qb8 42. Bxf5 gxf5 43. Qxf5+ Kh6 44. Qf4+ Kh7 45. Ne4 Rexe6 46. Ng5+ Kh8 47.
Nxe6 1-0

[Event "DEN-ch"]
[Site "Taastrup"]
[Date "1998.04.12"]
[Round "9"]
[White "Sahl, Bjarke"]
[Black "Hoi, Carsten"]
[Result "1/2-1/2"]
[WhiteElo "2430"]
[BlackElo "2430"]
[PlyCount "20"]
[EventDate "1998.04.04"]
[EventType "tourn"]
[EventRounds "9"]
[EventCountry "DEN"]
[EventCategory "9"]
[Source "ChessBase"]
[SourceDate "1998.08.06"]

1. e4 e6 2. d4 d5 3. e5 b6 4. Nh3 Ne7 5. Nf4 Qd7 6. Nh5 Ba6 7. Bxa6 Nxa6 8. O-O
O-O-O 9. c3 Kb7 10. b4 c6 1/2-1/2

[Event "DEN-ch"]
[Site "Taastrup"]
[Date "1998.04.05"]
[Round "2"]
[White "Sahl, Bjarke"]
[Black "Hansen, Curt"]
[Result "0-1"]
[WhiteElo "2430"]
[BlackElo "2595"]
[PlyCount "98"]
[EventDate "1998.04.04"]
[EventType "tourn"]
[EventRounds "9"]
[EventCountry "DEN"]
[EventCategory "9"]
[Source "ChessBase"]
[SourceDate "1998.08.06"]

1. e4 c5 2. Nf3 d6 3. d4 cxd4 4. Nxd4 Nf6 5. Nc3 a6 6. Bg5 e6 7. f4 Nbd7 8. Qe2
Be7 9. O-O-O Qc7 10. Nf3 h6 11. Bh4 Nb6 12. g4 e5 13. Bxf6 Bxf6 14. f5 Bd7 15.
h4 Be7 16. Kb1 Bc6 17. Rh3 O-O-O 18. Nd5 Bxd5 19. exd5 Kb8 20. Ne1 Rc8 21. Ng2
Qc4 22. Rb3 Qxe2 23. Bxe2 Ka7 24. Rbd3 Rhe8 25. b3 e4 26. Rg3 Nd7 27. c4 Nc5
28. g5 hxg5 29. hxg5 Rh8 30. Rd4 a5 31. Kb2 Bd8 32. a3 Bb6 33. Rd1 Rh2 34. b4
Nd7 35. Rf1 Rch8 36. Kb3 R8h3 37. Rxh3 Rxh3+ 38. Ka4 Rg3 39. Nf4 Rxg5 40. c5
dxc5 41. bxa5 Bd8 42. d6 Rxf5 43. Bg4 Rf6 44. Bxd7 g5 45. Ne6 Rxf1 46. Nxd8 Rf6
47. Be6 fxe6 48. d7 Rf8 49. Nxe6 Rg8 0-1

[Event "DEN-ch"]
[Site "Taastrup"]
[Date "1998.04.07"]
[Round "4"]
[White "Schandorff, Lars"]
[Black "Hoi, Carsten"]
[Result "1-0"]
[WhiteElo "2525"]
[BlackElo "2430"]
[PlyCount "87"]
[EventDate "1998.04.04"]
[EventType "tourn"]
[EventRounds "9"]
[EventCountry "DEN"]
[EventCategory "9"]
[Source "ChessBase"]
[SourceDate "1998.08.06"]

1. d4 Nf6 2. c4 g6 3. Nc3 Bg7 4. e4 d6 5. Be2 O-O 6. Bg5 c5 7. dxc5 Qa5 8. Bd2
Qxc5 9. Nf3 Bg4 10. O-O Bxf3 11. Bxf3 Nc6 12. Be2 Rac8 13. Kh1 Rfe8 14. Rc1 Qd4
15. f3 Qb6 16. b3 Qd8 17. Be3 Nd7 18. f4 Qa5 19. Qd2 Nc5 20. Bf3 Rcd8 21. Rfd1
e6 22. Nb5 Qxd2 23. Rxd2 Bf8 24. Rcd1 e5 25. f5 gxf5 26. exf5 e4 27. Be2 Nd3
28. Bxd3 exd3 29. Bg5 Rc8 30. Rxd3 h6 31. Bf4 Re2 32. Rg3+ Kh7 33. Nc3 Rc2 34.
Ne4 Bg7 35. h3 Re8 36. Nxd6 Ree2 37. Nxf7 Nd4 38. Nd6 Bf6 39. a4 Bh4 40. Rg4
Bf6 41. Rg6 Bg7 42. Rxg7+ Kxg7 43. Rxd4 Rxg2 44. Ne4 1-0

[Event "DEN-ch"]
[Site "Taastrup"]
[Date "1998.04.06"]
[Round "3"]
[White "Schandorff, Lars"]
[Black "Nielsen, Peter Heine"]
[Result "1/2-1/2"]
[WhiteElo "2525"]
[BlackElo "2505"]
[PlyCount "22"]
[EventDate "1998.04.04"]
[EventType "tourn"]
[EventRounds "9"]
[EventCountry "DEN"]
[EventCategory "9"]
[Source "ChessBase"]
[SourceDate "1998.08.06"]

1. d4 e6 2. c4 Bb4+ 3. Nc3 c5 4. d5 Bxc3+ 5. bxc3 d6 6. e4 e5 7. Bd3 Ne7 8. Ne2
Ng6 9. Ng3 O-O 10. h4 Nf4 11. Bf1 Nd7 1/2-1/2

[Event "DEN-ch"]
[Site "Taastrup"]
[Date "1998.04.09"]
[Round "6"]
[White "Schandorff, Lars"]
[Black "Hansen, Curt"]
[Result "1/2-1/2"]
[WhiteElo "2525"]
[BlackElo "2595"]
[PlyCount "69"]
[EventDate "1998.04.04"]
[EventType "tourn"]
[EventRounds "9"]
[EventCountry "DEN"]
[EventCategory "9"]
[Source "ChessBase"]
[SourceDate "1998.08.06"]

1. d4 Nf6 2. c4 e6 3. Nc3 Bb4 4. Qc2 O-O 5. a3 Bxc3+ 6. Qxc3 b6 7. Bg5 Bb7 8.
e3 d6 9. f3 h6 10. Bh4 Nbd7 11. Bd3 c5 12. Ne2 Rc8 13. b4 d5 14. dxc5 bxc5 15.
b5 Nb6 16. Bxf6 Qxf6 17. Qxf6 gxf6 18. cxd5 Rfd8 19. Nc3 Bxd5 20. Ke2 Bb3 21.
Rhc1 c4 22. Bc2 Nd7 23. Ne4 f5 24. Nd2 Bxc2 25. Rxc2 Nb6 26. a4 Rd5 27. Nb1 Kf8
28. Nc3 Rd3 29. e4 fxe4 30. fxe4 Ke7 31. a5 Nd7 32. Ra4 Ne5 33. b6 axb6 34.
axb6 Rb8 35. Rxc4 1/2-1/2

[Event "DEN-ch"]
[Site "Taastrup"]
[Date "1998.04.04"]
[Round "1"]
[White "Schandorff, Lars"]
[Black "Hansen, Sune Berg"]
[Result "1/2-1/2"]
[WhiteElo "2525"]
[BlackElo "2480"]
[PlyCount "56"]
[EventDate "1998.04.04"]
[EventType "tourn"]
[EventRounds "9"]
[EventCountry "DEN"]
[EventCategory "9"]
[Source "ChessBase"]
[SourceDate "1998.08.06"]

1. d4 d5 2. c4 Nc6 3. cxd5 Qxd5 4. e3 e5 5. Nc3 Bb4 6. Bd2 Bxc3 7. bxc3 Qd6 8.
Bd3 Nge7 9. Ne2 O-O 10. O-O b6 11. f3 Be6 12. Be1 f5 13. Bg3 Ng6 14. Qc2 Rad8
15. Rad1 Qe7 16. Qa4 Na5 17. Rfe1 c5 18. Bf2 c4 19. Bb1 Kh8 20. Qc2 Bd7 21. Bg3
Nc6 22. Qc1 Qf6 23. Bc2 Bc8 24. Ba4 Na5 25. dxe5 Nxe5 26. Rxd8 Rxd8 27. Bxe5
Qxe5 28. Nd4 Bb7 1/2-1/2

[Event "DEN-ch"]
[Site "Taastrup"]
[Date "1998.04.11"]
[Round "8"]
[White "Schandorff, Lars"]
[Black "Sahl, Bjarke"]
[Result "1-0"]
[WhiteElo "2525"]
[BlackElo "2430"]
[PlyCount "81"]
[EventDate "1998.04.04"]
[EventType "tourn"]
[EventRounds "9"]
[EventCountry "DEN"]
[EventCategory "9"]
[Source "ChessBase"]
[SourceDate "1998.08.06"]

1. d4 f5 2. g3 Nf6 3. Bg2 g6 4. Nf3 Bg7 5. O-O O-O 6. b4 c6 7. c4 a5 8. b5 a4
9. Nc3 Ne4 10. Qc2 Nxc3 11. Qxc3 d6 12. Ba3 Kh8 13. Qe3 cxb5 14. cxb5 Nd7 15.
Ng5 Nb6 16. Rac1 Bf6 17. Rfd1 Ra5 18. Ne6 Bxe6 19. Qxe6 Qb8 20. Bb4 Rxb5 21. a3
Na8 22. Rc2 f4 23. gxf4 Rf5 24. e3 Nc7 25. Qd7 Na6 26. Be1 Qe8 27. Qxe8 Rxe8
28. Bxb7 Nb8 29. Rb1 Nd7 30. Bc8 Rd8 31. Rc7 Rxc8 32. Rxc8+ Kg7 33. Ra8 g5 34.
Rxa4 gxf4 35. Ra5 d5 36. Rbb5 fxe3 37. Rxd5 Rxd5 38. Rxd5 Nb6 39. Rb5 Bxd4 40.
fxe3 Bxe3+ 41. Bf2 1-0